000 00200 a2200097 4500
001 10490
100 _aOdgers, G.
245 _aAir war against Japan
260 _a
_bCanberra
_c
090 _c8108
_d8108
942 _aNUST-CAE
_cM
_c34832
999 _c245563
_d245563